000 00654cam a22002531 4500
001 sa 65010417
003 DLC
005 20260227112208.0
008 890605s1965 ii a b 000 0 beno
010 _asa 65010417
035 _a(OCoLC)19818663
040 _aDLC
_cWaU
_dDLC
042 _apremarc
043 _aa-ii---
050 0 0 _aGR305.5.B4
_bK35
100 1 _aKaraṇa, Sudhīra.
245 1 0 _aSīmāntabāṅlāra lokayāna.
260 _c[1965]
300 _a13, 359 p.
_billus.
_c22 cm.
500 _aMap on lining paper.
500 _aIn Bengali.
504 _aBibliography: p. [353]-354.
650 0 _aFolklore
_zIndia
_zWest Bengal.
999 _c66728
_d66728